Statistiques concernant Devinez le Pays Mystère #18

Cliquez ici pour prendre le quiz!

Statistiques générales

  • Ce quiz a été pris 646 fois
  • Le résultat moyen est 9 sur 11

Statistiques - réponses

Type de RéponseRéponse% Correct
Lettre TrouvéeA
97%
Lettre TrouvéeN
94%
Lettre TrouvéeO
92%
Lettre Bien PlacéeO
91%
Lettre Bien PlacéeA
89%
Lettre Bien PlacéeN
88%
Lettre Bien PlacéeG
79%
Lettre TrouvéeG
79%
Lettre Bien PlacéeB
78%
Lettre TrouvéeB
78%
Pays MystèreGabon
76%

Distribution des résultats

Percentile par nombre de réponses

% des personnes avec chaque résultat

Votre développement - résultats

Vous n’avez pas pris ce quiz